000 00381nam a2200145Ia 4500
008 230917s9999||||xx |||||||||||||| ||und||
040 _e137861
_aMAIN
041 _aEnglish
082 _a658-5 C266C
100 _aICFAI Center for management research
245 0 _aCase studies in operations management
260 _aHyderabad
_bICFAI
_c2005
300 _a320p. p.
942 _cBK
999 _c139751
_d139751